00305nam a2200109Ia 4500003000400000008004100004040001600045082001900061245003000080260008000110490000500190GCL140319s9999 xx 000 0 ara d aGCL / cGCL04a070.172bس ك10aكشكول الصحافة a[S.N] : bالهيئة المصرية العامة للكتاب ، c1992 a